000 00869nas a2200253 4500
001 BR9507275
003 BR-BrBNA
005 20231205095431.0
007 ta
008 230509b bl.|||p| |||| 00| 00por d
040 _aBR-BrBNA
_bpor
_cBiblioteca Nacional de Agricultura
041 _a(Pt)
072 _aL01
100 1 _aCarneiro, G.G.
100 1 _aMemoria, J.M.P.
100 1 _aJunqueira Neto, A.F.
100 1 _aBrandao, E.D.
245 1 _aEstudo sobre o rebanho das "Bacias" leiteiras de abastecimento das cidades do Rio de Janeiro, Niteroi, Sao Paulo e Belo Horizonte
650 _aGado Leiteiro
650 _aProducao Leiteira
773 0 _tArquivos da Escola Superior de Veterinaria da Universidade Rural do Estado de Minas Gerais (Brazil)
_x
_g(1995), v. 8 p. 47-65
_wBR9507275
909 _a202311
_bLúcia
_c55
_dLúcia Elande
942 _2AGRIS
_n0
_cANA
999 _c150632
_d150632